书目信息 |
| 题名: |
中文版Auto CAD 2002 设计与制作建筑施工图
|
|
| 作者: | 邵谦谦 编写 | |
| 分册: | ||
| 出版信息: | 北京 宇航出版社 2003.01 |
|
| 页数: | 293页 | |
| 开本: | 26cm | |
| 丛书名: | ||
| 单 册: | ||
| 中图分类: | TU201.4 | |
| 科图分类: | ||
| 主题词: | 建筑设计 | |
| 电子资源: | ||
| ISBN: | 7-80144-512-0 | |
| 000 | 00628nam0 2200193 45 | |
| 001 | 0433352498 | |
| 005 | 2004092009155249 | |
| 010 | @a7-80144-512-0@d25.00CNY | |
| 100 | @a20040920d2003 km y0chiy0120 ea | |
| 101 | 0 | @achi |
| 102 | @aCN@b110000 | |
| 200 | 1 | @a中文版Auto CAD 2002 设计与制作建筑施工图@AZhong Wen Ban Auto CAD 2002 She Ji Yu Zhi Zuo Jian Zhu Shi Gong Tu@f邵谦谦等编写@FShao Qian Qian Deng Bian Xie |
| 210 | @a北京@c宇航出版社@d2003.01 | |
| 215 | @a293页@d26cm | |
| 606 | 0 | @a建筑设计 |
| 690 | @aTU201.4@v3 | |
| 701 | 0 | @a邵谦谦@AShao Qian Qian@4编写 |
| 801 | 0 | @aCN@bPFT@c20040920 |
| 905 | @a安徽大学@dTU201.4@eS332 | |
| 中文版Auto CAD 2002 设计与制作建筑施工图/邵谦谦等编写.-北京:宇航出版社,2003.01 |
| 293页;26cm |
| ISBN 7-80144-512-0:25.00CNY |
| ● |
| 相关链接 |
|
|
|
正题名:中文版Auto CAD 2002 设计与制作建筑施工图
索取号:TU201.4/S332
 
预约/预借
| 序号 | 登录号 | 条形码 | 馆藏地/架位号 | 状态 | 备注 |
| 1 | 394546 | 203945464 | 建筑库101/101建筑库 35排2列4层/ [索取号:TU201.4/S332] | 在馆 | |
| 2 | 394547 | 203945473 | 建筑库101/101建筑库 35排2列4层/ [索取号:TU201.4/S332] | 在馆 | |
| 3 | 394548 | 203945482 | 建筑库101/101建筑库 35排2列4层/ [索取号:TU201.4/S332] | 在馆 |